000 00578nam a2200217 a 4500
005 20210219153256.0
008 991125n 000 0 spa u
035 _aUPN01000088008
100 1 _aAlvarez Uria, Fernando
222 0 _aCUADERNOS DE PEDAGOGIA
245 0 _aMicrofĂ­sica de la escuela
300 _a55-59
362 0 _a1992 No. 203, may.
653 0 _aCURRICULUM OCULTO
653 0 _aFILOSOFIA EDUCATIVA
653 0 _aFOUCAULT, PAUL-MICHEL, 1926-1984
653 0 _aREFORMA EDUCATIVA
653 0 _aCURRICULUM
904 _aAC
_b025819
905 _aArticulo
999 _c72804
_d72804